| 000 | 01434cam a22002534a 4500 | ||
|---|---|---|---|
| 005 | 20250605164111.0 | ||
| 008 | 250528s ||||||||||||||||||||||||d | ||
| 035 | _a17888 | ||
| 020 | _a9780415427807 | ||
| 040 |
_aGR-AtMCL _bgre _dGR-AtMCL _eAACR2 |
||
| 245 | 1 | _aPeople Management and Performance | |
| 250 | _a1st | ||
| 260 |
_bRouledge, _c2009 |
||
| 300 | _a232 | ||
| 520 | _aThis book explores what actually creates organizational commitment for different occupational groups, as well as the particular needs of professional knowledge workers. Foreword, Acknowledgements, Introduction, Understanding the Link between People Management and Organizational Performance, Culture and Values, Intended HR Practices, Bringing Practices to Life: The Vital Role of Front Line Managers, Employees' Perceptions and Attitudes and Discretionary Behavior, HR Architecture and Employment Sub-Systems: Practices and Perceptions, People and Performance in Professional Knowledge Intensive Organizations, Analyzing the Links between People Management and Organizational Performance: The Case of Nationwide Building Society, Implications for the Development of Theory and Practice, Appendix, Notes, References. | ||
| 700 | 1 |
_aHutchinson Sue _94177 |
|
| 700 | 1 |
_aKinnie Nicholas _94183 |
|
| 700 | 1 |
_aPurcell John _94184 |
|
| 700 | 1 |
_aRayton Bruce _94185 |
|
| 700 | 1 |
_aSwart Juani _94186 |
|
| 942 | _cBK | ||
| 999 |
_c3287 _d3287 |
||